Largest Cities for each Latitude Degree - Statistics

General Stats
  • This quiz has been taken 48,377 times
    41,507 since last reset
  • The average score is 63 of 131
Answers on the Map
Answers color-coded by a green-red scale on the quiz's map according to % correct below.
 
Answer Stats
Lat Cities % Correct
41º N New York | Istanbul | Barcelona
96%
40º N Beijing | Philadelphia | Madrid
94%
51º N London | Cologne | Brussels
94%
36º N Tokyo | Tehran | Qingdao
94%
56º N Moscow | Copenhagen | Nizhny Novgorod
93%
49º N Paris | Vancouver | Stuttgart
93%
34º S Sydney | Cape Town | Port Elizabeth
92%
19º N Mumbai | Mexico City | Pune
91%
34º N Los Angeles | Xi'an | Atlanta
89%
60º N Saint Petersburg | Helsinki | Oslo
89%
30º N Cairo | Hangzhou | Chongqing
86%
35º S Buenos Aires | Montevideo | Adelaide
85%
42º N Chicago | Shenyang | Boston
85%
23º S Rio de Janeiro | Campinas | Duque de Caxias
85%
38º N Seoul | San Francisco | Shijiazhuang
85%
29º N Delhi | Nanchang | Kuwait City
84%
31º N Shanghai | Chengdu | Wuhan
82%
59º N Stockholm | Kirov | Tallinn
82%
33º N Dallas | Baghdad | Isfahan
80%
53º N Berlin | Liverpool | Sheffield
79%
16º S Brasília | La Paz | Arequipa
79%
50º N Kyiv | Frankfurt | Katowice
78%
15º N Manila | Dakar | Guatemala City
78%
33º S Santiago | Rosario | Mendoza
78%
44º N Toronto | Changchun | Ürümqi
78%
6º N Lagos | Accra | Medellín
76%
26º N Miami | Monterrey | Fuzhou
76%
24º S São Paulo | Santos | Sorocaba
76%
6º S Jakarta | Mbuji-Mayi | Natal
75%
45º N Milan | Montréal | Minneapolis
75%
32º S Perth | Santa Fe | San Juan
75%
48º N Seattle | Budapest | Munich
75%
14º N Bangkok | San Salvador | Niamey
74%
22º N Kolkata | Hong Kong | Jeddah
74%
12º S Lima | Lubumbashi | Feira de Santana
73%
25º N Karachi | Taipei | Riyadh
72%
39º N Tianjin | Washington D.C. | Dalian
72%
9º N Addis Ababa | Abuja | Panama City
70%
38º S Melbourne | Mar del Plata | Geelong
70%
35º N Osaka | Nagoya | Zhengzhou
70%
5º N Bogotá | Abidjan | Port Harcourt
69%
11º N Ho Chi Minh City | Caracas | Coimbatore
69%
26º S Johannesburg | Maputo | Joinville
69%
37º N Jinan | Algiers | Zibo
68%
54º N Manchester | Hamburg | Leeds
68%
46º N Harbin | Portland | Lyon
67%
37º S Auckland | Talcahuano | Concepcion
66%
Kampala | Quito | Libreville
66%
1º N Singapore | Kisangani | Batam
65%
4º S Kinshasa | Fortaleza | Brazzaville
63%
41º S Wellington | Puerto Montt | Osorno
63%
24º N Dhaka | Xiamen | Taichung
61%
3º N Kuala Lumpur | Cali | Seremban
61%
1º S Nairobi | Belém | Padang
61%
23º N Guangzhou | Ahmedabad | Shantou
60%
43º N Sapporo | Almaty | Marseille
59%
21º N Surat | Guadalajara | Hanoi
57%
13º N Bangalore | Chennai | Bamako
56%
16º N Khartoum | San Pedro Sula | Da Nang
56%
64º N Reykjavík | Ukhta | Umeå
56%
7º S Bandung | Dar es Salaam | Surabaya
55%
18º N Santo Domingo | Vishakhapatnam | San Juan
55%
52º N The Ruhr | Rotterdam | Birmingham
54%
9º S Luanda | Denpasar | N'dalatando
53%
7º N Colombo | Ibadan | Kumasi
52%
47º N Daqing | Zurich | Rostov
51%
57º N Yekaterinburg | Riga | Izhevsk
51%
32º N Lahore | Nanjing | Hefei
50%
2º N Mogadishu | Kuching | Popayán
49%
27º S Brisbane | San Miguel de Tucuman | Vereeniging
47%
25º S Curitiba | Asunción | Salta
47%
10º N Cebu | Conakry | San José
46%
17º N Hyderabad | Yangon | Vijayawada
46%
12º N Kano | Ouagadougou | Phnom Penh
46%
19º S Antananarivo | Uberlândia | Chimoio
44%
55º N Novosibirsk | Newcastle | Chelyabinsk
41%
61º N Surgut | Anchorage | Nizhnevartovsk
41%
3º S Manaus | Palembang | São Luís
40%
44º S Christchurch | Timaru | Ashburton
39%
8º N Freetown | Ilorin | Cúcuta
39%
18º S Santa Cruz | Harare | Tacna
38%
20º S Belo Horizonte | Vitória | Campo Grande
37%
15º S Lusaka | Nampula | Vitória da Conquista
37%
2º S Guayaquil | Kigali | Jambi
36%
30º S Porto Alegre | Durban | Pietermaritzburg
36%
8º S Recife | Yogyakarta | Malang
35%
4º N Medan | Yaoundé | Douala
34%
14º S Lilongwe | Cusco | Ica
33%
58º N Perm | Yaroslavl | Gothenburg
32%
43º S Hobart | Trelew | Puerto Madryn
30%
69º N Murmansk | Norilsk | Talnakh
30%
13º S Salvador | Benguela | Kitwe
28%
29º S Bloemfontein | Caxias do Sul | Botshabelo
27%
63º N Trondheim | Noyabrsk | Kuopio
27%
31º S Córdoba | Concordia | Salto
26%
28º N Changsha | Wenzhou | Tampa
24%
27º N Guiyang | Jaipur | Lucknow
24%
70º N Tromsø | Alta
23%
65º N Arkhangelsk | Severodvinsk | Oulu
22%
28º S Florianopolis | Gold Coast | Welkom
19%
55º S Ushuaia
19%
62º N Petrozavodsk | Yakutsk | Syktyvkar
17%
46º S Comodoro Rivadavia | Dunedin | Invercargill
12%
17º S Goiânia | Cochabamba | Montes Claros
12%
20º N Haikou | Nasik | Bhubaneswar
12%
5º S Makassar | Bandar Lampung | Pointe-Noire
12%
53º S Punta Arenas
12%
71º N Barrow | Chokurdakh | Uummannaq
11%
52º S Río Gallegos | Puerto Natales | Stanley
11%
78º N Longyearbyen
9%
39º S Bahía Blanca | Neuquén | Temuco
6%
10º S Maceió | Kupang | Rio Branco
6%
45º S Puerto Aysén | Oamaru | Queenstown
6%
54º S Rio Grande | Grytviken
6%
11º S Aracaju | Likasi | Kolwezi
5%
40º S Valdivia | Hastings | Palmerston North
5%
77º N Qaanaaq
4%
67º N Vorkuta | Kandalaksha | Salekhard
4%
74º N Dikson
3%
50º S El Calafate | Comandante Luis Piedrabuena
3%
22º S Juiz de Fora | Campos do Jordão | Bauru
3%
49º S Puerto San Julián | El Chaltén | Port-aux-Français
3%
21º S Ribeirão Preto | São José do Rio Preto | Franca
3%
72º N Tiksi | Khatanga | Saskylakh
3%
73º N Upernavik | Arctic Bay
3%
68º N Apatity | Monchegorsk | Kirovsk
2%
42º S Castro | Ancud | Blenheim
2%
36º S Linares | General Pico | Whangarei
2%
66º N Novyy Urengoy | Nadym | Usinsk
2%
47º S Pico Truncado | Perito Moreno | Cochrane
2%
48º S Puerto Deseado
2%
No matching quizzes found
Score Distribution
Percent of People with Each Score
Percentile by Number Answered
Your Score History
You have not taken this quiz since the last reset